| 000 | 01317cam a22003254a 4500 | ||
|---|---|---|---|
| 999 |
_c7097 _d7097 |
||
| 001 | 13105041 | ||
| 003 | OSt | ||
| 005 | 20210902160512.0 | ||
| 008 | 030226s2004 nyua b 001 0 eng | ||
| 010 | _a 2003043929 | ||
| 020 | _a0521819806 (hb.) | ||
| 020 | _a0521525861 (pbk.) | ||
| 040 |
_aDLC _cDDC _dDLC |
||
| 042 | _apcc | ||
| 050 | 0 | 0 |
_aQH323.5 _b.A44 2004 |
| 082 | 0 | 0 | _a570.15AII2004 |
| 100 | 1 |
_aAllman, Elizabeth Spencer, _d1965- _914619 |
|
| 245 | 1 | 0 |
_aMathematical models in biology : _ban introduction / _cEdited by Allman,Elizabeth S. and Rhodes,John A. |
| 260 |
_aNew York : _bCambridge University Press, _c2004. |
||
| 300 |
_axiii, 370 p. : _bill. ; _c24 cm. |
||
| 504 | _aIncludes; bibliographical references (p. 362-366) and index | ||
| 650 | 0 |
_aBiology _95602 |
|
| 700 | 1 |
_aRhodes, John A. _q(John Anthony), _d1960- _914621 |
|
| 856 | 4 | 1 |
_3Sample text _uhttp://www.loc.gov/catdir/samples/cam041/2003043929.html |
| 856 | 4 | 2 |
_3Publisher description _uhttp://www.loc.gov/catdir/description/cam032/2003043929.html |
| 856 | 4 | 1 |
_3Table of contents _uhttp://www.loc.gov/catdir/toc/cam031/2003043929.html |
| 906 |
_a7 _bcbc _corignew _d1 _eocip _f20 _gy-gencatlg |
||
| 942 |
_2ddc _cO_SHELF |
||